00440nam a2200193Ia 4500008004100000020001800041050001400059100001600073245002500089245001900114245001800133260001500151260001600166260000900182300001600191300002000207300001000227500000900237170918s9999 xx 000 0 und d a9780545450607 bF919 2011 aFritz, Jean aAlexander Hamilton : bthe outsider / cby Jean Fritz aNew York : bScholastic, c2011 a144 pages : billustrations ; c23cm. a1030